Vybraná ustanovení novely zákona o daních z příjmů č. 438/2003 Sb.

Pokračovanie z č. 2/2004. Ďalšie paragrafy novely zákona č. 438/2003 Sb. o daniach z príjmov. Základ dane a daňová strata. Príjmy z podnikania a iné samostatné zárobkové činnosti. Daň stanovená paušálnou čiastkou. Príjmy z kapitálového majetku. Príjmy z prenájmu. Ostatné príjmy. Výpočet príjmu spolu...

Descrizione completa

Salvato in:
Dettagli Bibliografici
Autore principale: Sedláková, Eva
Natura: Capitolo di libro
Lingua:ceco
Soggetti:
Tags: Aggiungi Tag
Nessun Tag, puoi essere il primo ad aggiungerne!!

MARC

LEADER 00000naa$a2200000$$$4500
001 0007920
005 20230913112046.8
041 0 |a cze 
044 |a CZ 
245 1 0 |a Vybraná ustanovení novely zákona o daních z příjmů č. 438/2003 Sb.  |c aut. Eva Sedláková 
520 |a Pokračovanie z č. 2/2004. Ďalšie paragrafy novely zákona č. 438/2003 Sb. o daniach z príjmov. Základ dane a daňová strata. Príjmy z podnikania a iné samostatné zárobkové činnosti. Daň stanovená paušálnou čiastkou. Príjmy z kapitálového majetku. Príjmy z prenájmu. Ostatné príjmy. Výpočet príjmu spoluvlastníka. Pokračovanie v budúcom čísle. 
610 2 0 |a zákony 
610 2 0 |a dane z príjmov 
610 2 0 |a Česko 
610 2 0 |a novelizácia 
610 2 0 |a 2003 
100 1 |a Sedláková, Eva